书目信息 |
| 题名: |
3ds max 7建筑效果图必成攻略
|
|
| 作者: | 魏朝阳 , 刘幸 编著 | |
| 分册: | ||
| 出版信息: | 北京 中国电力出版社 2005.02 |
|
| 页数: | 365页 | |
| 开本: | 26cm | |
| 丛书名: | 电脑建筑效果图铂金手册 | |
| 单 册: | ||
| 中图分类: | TU201.4-62 | |
| 科图分类: | ||
| 主题词: | 建筑设计--jian zhu she ji--计算机辅助设计--图形软件--3DS MAX--手册 | |
| 电子资源: | ||
| ISBN: | 7-5083-3148-6 | |
| 000 | 01150nam 2200301 450 | |
| 001 | 010562159103 | |
| 005 | 20051219145012.35 | |
| 010 | @a7-5083-3148-6@dCNY69.80 (含光盘) | |
| 100 | @a20050421d2005 km y0chiy0120 ea | |
| 101 | 0 | @achi |
| 102 | @aCN@b110000 | |
| 105 | @aa z 000yy | |
| 200 | 1 | @a3ds max 7建筑效果图必成攻略@A3ds max 7 jian zhu xiao guo tu bi cheng gong lue@f魏朝阳, 刘幸编著@Fwei chao yang,liu xing bian zhu |
| 210 | @a北京@c中国电力出版社@d2005.02 | |
| 215 | @a365页@c图@d26cm@e光盘1片 | |
| 225 | 2 | @a电脑建筑效果图铂金手册@Adian nao jian zhu xiao guo tu bo jin shou ce@i必成功略类 |
| 307 | @a光盘 ISBN : 7-900181-24-5 | |
| 330 | @a内容包括:3DS MAX 7 简介,建模基础与进芥,建筑表现的核心,建筑表现的灵魂,最后的提炼等。 | |
| 333 | @a建筑设计人员及3ds max 7学习者 | |
| 410 | 0 | @12001 @a电脑建筑效果图铂金手册 |
| 410 | 0 | @12001 @a必成功略类 |
| 606 | 0 | @a建筑设计@Ajian zhu she ji@x计算机辅助设计@x图形软件@x3DS MAX@x手册 |
| 610 | 0 | @a3DS MAX |
| 690 | @aTU201.4-62@v4 | |
| 701 | 0 | @a魏朝阳@Awei chao yang@4编著 |
| 701 | 0 | @a刘幸@Aliu xing@4编著 |
| 801 | 0 | @aCN@bQSSK@c20051219 |
| 905 | @a10447@dTU201.4-62@eW579 | |
| 3ds max 7建筑效果图必成攻略/魏朝阳, 刘幸编著.-北京:中国电力出版社,2005.02 |
| 365页:图;26cm+光盘1片.-(电脑建筑效果图铂金手册.必成功略类) |
| 使用对象:建筑设计人员及3ds max 7学习者 |
| ISBN 7-5083-3148-6:CNY69.80 (含光盘) |
| 内容包括:3DS MAX 7 简介,建模基础与进芥,建筑表现的核心,建筑表现的灵魂,最后的提炼等。 |
| ● |
| 相关链接 |
|
|
|
正题名:3ds max 7建筑效果图必成攻略
索取号:TU201.4-62/W579
 
预约/预借
| 序号 | 登录号 | 条形码 | 馆藏地/架位号 | 状态 | 备注 |
| 1 | 578397 | 205783972 | 建筑库101/101建筑库 37排2列5层/ [索取号:TU201.4-62/W579] | 在馆 | |
| 2 | 578398 | 205783981 | 建筑库101/101建筑库 37排2列5层/ [索取号:TU201.4-62/W579] | 在馆 |